| 000 | 00382fam a2200121 a 4500 | ||
|---|---|---|---|
| 020 | _a0313293880 (alk. paper) | ||
| 050 | 0 | 0 |
_aPS3539.R342 _bZ63 1997 |
| 100 | 1 |
_aDickey, Jerry R. _d1956- |
|
| 245 | 1 | 0 |
_aSophie Treadwell : _ba research and production sourcebook / _cJerry Dickey. |
| 260 |
_aWestport, CT ; _aLondon : _bGreenwood Press, _c1997. |
||
| 300 | _axii, 269 p. : | ||
| 942 |
_2lcc _cGEN |
||
| 999 |
_c9281 _d9281 |
||